Famously Short Surnames Quiz Stats

 Plays Quiz Updated Dec 23, 2018

Challenge
Share
Tweet
Embed
Score 0/16 Timer 05:00
4 Plays Today
Hint Famous Person % Correct
Gold medal-winning American boxer and World Heavyweight Champion; known simply as 'The Greatest'Muhammad Ali
95.5%
American film actor who has shaped many famous roles like Han Solo, Indiana Jones and Jack RyanHarrison Ford
84.4%
American rock musician and lead singer for Hole who was married to Kurt CobainCourtney Love
70.4%
American television and film actor known best for portraying Dr. Jack Shephard on ABC's LostMatthew Fox
66.1%
British actor continuing the role of Batman and named one of the '8 Most Powerful Cult Figures of the Decade'Christian Bale
62.3%
Spanish film actress who was nominated for an Academy Award for her performance in VolverPenélope Cruz
52.7%
Korean-American stand up comedienne, known for her ethnic and sexually-explicit routinesMargaret Cho
50.3%
American film director and producer known for high-budget films like Armageddon and TransformersMichael Bay
46.2%
Hint Famous Person % Correct
British actor famous for starring as Dracula, as well as Lord of the RingsChristopher Lee
45.5%
American actor who has defined light-hearted science fiction, from Back to the Future to the Addams FamilyChristopher Lloyd
38.2%
Canadian television and film actress currently starring as Dr. Cristina Yang in ABC's Grey's AnatomySandra Oh
34.8%
British film director famous for directing The Dark Knight and InceptionChristopher Nolan
34.4%
American actor and stand-up comedian who played Frank Catton in Ocean's ElevenBernie Mac
30.5%
Australian actor perhaps best known for his role as Captain Barbossa in Disney's Pirates of the CaribbeanGeoffrey Rush
28.7%
British-born American film voice actor and puppeteer known for voicing Star Wars' YodaFrank Oz
28%
Austrian-American chef, owner of three nationwide restaurant chains, and author of 'Live, Love, Eat'Wolfgang Puck
20.9%

You're not logged in!

Compare scores with friends on all Sporcle quizzes.
OR
Log In

You Might Also Like...

Show Comments

Extras

Top Quizzes Today


Score Distribution

Your Account Isn't Verified!

In order to create a playlist on Sporcle, you need to verify the email address you used during registration. Go to your Sporcle Settings to finish the process.

Report this User

Report this user for behavior that violates our Community Guidelines.

Details: